3101-若桜鉄道の駅 - Statistics

General Stats
  • This quiz has been taken 67 times
    66 since last reset
  • The average score is 7 of 9
Answer Stats
本線 % Correct
若桜
100%
郡家
93%
91%
八頭高校前
85%
安部
76%
丹比
76%
八東
74%
因幡船岡
72%
徳丸
59%
No matching quizzes found
Score Distribution
Percent of People with Each Score
Percentile by Number Answered
Your Score History
You have not taken this quiz since the last reset